|
|
|
|
| LEADER |
01358nam a2200385Ia 4500 |
| 001 |
EBC557299 |
| 003 |
MiAaPQ |
| 005 |
20200520144314.0 |
| 006 |
m o d | |
| 007 |
cr cn||||||||| |
| 008 |
100122s2010 nyua sb 001 0 eng d |
| 010 |
|
|
|z 2010001994
|
| 020 |
|
|
|z 9780415568555 (hb)
|
| 020 |
|
|
|z 0415568552 (hb)
|
| 020 |
|
|
|a 9780203847497 (electronic bk.)
|
| 020 |
|
|
|a 0203847490 (electronic bk.)
|
| 035 |
|
|
|a (MiAaPQ)EBC557299
|
| 035 |
|
|
|a (Au-PeEL)EBL557299
|
| 035 |
|
|
|a (CaPaEBR)ebr10416705
|
| 035 |
|
|
|a (CaONFJC)MIL278154
|
| 035 |
|
|
|a (OCoLC)664551621
|
| 040 |
|
|
|a MiAaPQ
|c MiAaPQ
|d MiAaPQ
|
| 050 |
|
4 |
|a HB171
|b .K514 2010
|
| 082 |
0 |
4 |
|a 330
|2 22
|
| 100 |
1 |
|
|a Kirman, A. P.
|
| 245 |
1 |
0 |
|a Complex economics
|h [electronic resource] :
|b individual and collective rationality /
|c Alan Kirman.
|
| 260 |
|
|
|a New York, NY :
|b Routledge,
|c 2010.
|
| 300 |
|
|
|a xiv, 241 p., [16] p. :
|b ill.
|
| 504 |
|
|
|a Includes bibliographical references and index.
|
| 533 |
|
|
|a Electronic reproduction. Ann Arbor, MI : ProQuest, 2015. Available via World Wide Web. Access may be limited to ProQuest affiliated libraries.
|
| 650 |
|
0 |
|a Economics.
|
| 650 |
|
0 |
|a Social sciences.
|
| 655 |
|
4 |
|a Electronic books.
|
| 710 |
2 |
|
|a ProQuest (Firm)
|
| 856 |
4 |
0 |
|u https://ebookcentral.proquest.com/lib/matrademy/detail.action?docID=557299
|z Click to View
|